Facultad de Derecho – Universidad Nacional de Mar del Plata

Ethics of modern developments in agricultural technologies (Record no. 4402)

MARC details
000 -CABECERA
campo de control de longitud fija 00425nam a22001457a 4500
020 ## - NUMERO INTERNACIONAL NORMALIZADO PARA LIBROS (ISBN)
International Standard Book Number 97892791046460
080 ## - NUMERO DE CLASIFICACION DECIMAL UNIVERSAL (CDU)
Número de la Clasificación Decimal Universal 631.6= 20 Et 37
245 ## - MENCION DE TITULO
Título propiamente dicho Ethics of modern developments in agricultural technologies
260 ## - PUBLICACION, DISTRIBUCION, ETC. (PIE DE IMPRENTA)
Lugar de publicación, distribución, etc. Brussels
Nombre del editor, distribuidor, etc. European Communities
Fecha de publicación, distribución, etc. 2009
300 ## - DESCRIPCION FISICA
Extensión 105 P.
490 ## - MENCION DE SERIE
Mención de serie Opinion Nª 24
650 ## - ASIENTO SECUNDARIO DE MATERIA - TERMINO TEMATICO
Subdivisión general tecnología
-- agricultura
-- cambio climático
-- medio ambiente
945 ## - INFORMACION DE PROCESAMIENTO LOCAL
Responsable de carga/modificación Celeste Delía
AAAA-MM-DD - Fecha de ingreso/modificación 2016-08-19
942 ## - ELEMENTOS AGREGADOS (KOHA)
Clasificación normalizada de Koha para alfabetizar _
Holdings
Retirado Perdido Fuente de clasificación Dañado No se presta Ubicación permanente Locación actual Estante o sala Fecha de adquisición Total préstamos Signatura topográfica Ultima fecha vista Fecha del precio Tipo de item de Koha
          Bib. Derecho Bib. Derecho Biblioteca Graduados 19/08/2016   631.6= 20 Et 37 19/08/2016 19/08/2016 LIBRO (Consulta)

XHTML | CSS | ©Biblioteca Central - Dto. Tecnología de la Información - [ Con tecnología Koha ]